[Event "European Online CC PlayA"]
[Site "Tornelo INT"]
[Date "2021.03.29"]
[Round "3.2"]
[Board "2"]
[White "Kamsky, Gata"]
[Black "Gumularz, Szymon"]
[Result "1-0"]
[WhiteTitle "GM"]
[BlackTitle "IM"]
[WhiteElo "2665"]
[BlackElo "2517"]
[WhiteTeam "Ladya Kazan"]
[BlackTeam "Klub Szachowy Polonia Wroclaw"]
[WhiteFideId "2000024"]
[BlackFideId "1188062"]
[EventDate "2021.03.29"]
[EventType "team"]

1. d4 Nf6 2. Nf3 d5 3. Bf4 c5 4. e3 Nc6 5. Nbd2 cxd4 6. exd4 Bf5 7. c3 e6 8. Be2
Bd6 9. Bxd6 Qxd6 10. O-O O-O 11. Re1 h6 12. a4 Qc7 13. Qb3 Ne4 14. Nxe4 Bxe4 15.
Nd2 Bg6 16. Bf1 Rfc8 17. Qa3 Na5 18. Qb4 Nc6 19. Qa3 Na5 20. Nf3 Nc6 21. a5 Rab8
22. Bb5 Bh5 23. Nd2 Ne7 24. Bd3 Bg6 25. Bf1 Nf5 26. Nf3 Nd6 27. Ne5 Bh7 28. Qa4
b6 29. axb6 axb6 30. Qb4 Ra8 31. Ra3 Be4 32. Rea1 Rxa3 33. Rxa3 f6 34. Nd3 Nc4
35. Ra1 Bg6 36. Ne1 Na5 37. Nf3 Nc6 38. Qb5 Be8 39. Qa6 e5 40. dxe5 fxe5 41. Bb5
Na5 42. Bxe8 Rxe8 43. Qb5 Rd8 44. h3 Nc4 45. Rd1 e4 46. Rxd5 Rf8 47. Rd7 Qc5 48.
Qxc5 bxc5 49. Nd2 Nxd2 50. Rxd2 Rb8 51. Kf1 Kf7 52. Ke2 Ke6 53. Ke3 Ke5 54. h4
g6 55. f3 exf3 56. Kxf3 h5 57. Ke3 c4 58. g3 Rb7 59. Rd4 Rxb2 60. Rxc4 Kd5 61.
Rb4 Rc2 62. Rb5+ Kc4 63. Rg5 Rxc3+ 64. Ke4 Rd3 65. Rxg6 Rd4+ 66. Kf3 Rd5 67. Rg5
Rxg5 68. hxg5 Kd5 69. Kf4 Ke6 70. Ke4 Kf7 71. Kf5 Kg7 72. g6 1-0

[Event "European Online CC PlayA"]
[Site "Tornelo INT"]
[Date "2021.03.29"]
[Round "3.3"]
[Board "1"]
[White "Banusz, Tamas"]
[Black "Mikhalevski, Victor"]
[Result "1/2-1/2"]
[WhiteTitle "GM"]
[BlackTitle "GM"]
[WhiteElo "2631"]
[BlackElo "2552"]
[WhiteTeam "SV 1930 Hockenheim"]
[BlackTeam "Beer Sheva Chess Club"]
[WhiteFideId "722413"]
[BlackFideId "2801914"]
[EventDate "2021.03.29"]
[EventType "team"]

1. Nf3 Nf6 2. g3 g6 3. Bg2 Bg7 4. O-O O-O 5. d4 d5 6. c4 c6 7. Ne5 Ng4 8. cxd5
cxd5 9. Bf4 Nc6 10. Nxc6 bxc6 11. h3 e5 12. Bc1 Nf6 13. dxe5 Ne4 14. Qc2 Bxe5
15. Qxc6 Be6 16. Bxe4 dxe4 17. Qxe4 Qf6 18. Nc3 Bxc3 19. bxc3 Bxh3 20. Rd1 Rfe8
21. Qf3 Qxf3 22. exf3 Rac8 23. Be3 Rxc3 24. Bxa7 Rxf3 25. a4 Rf5 26. a5 Bg4 27.
Rd3 Be2 28. Rc3 Ba6 29. Be3 g5 30. g4 Rb5 31. Kh2 Kg7 32. Kg3 Re6 33. Rc5 Rxc5
34. Bxc5 Kg6 35. Rd1 h5 36. gxh5+ Kxh5 37. f4 Kg6 38. Rd5 gxf4+ 39. Kxf4 f5 40.
Rxf5 Rf6 41. Rxf6+ Kxf6 42. Bd4+ 1/2-1/2

[Event "European Online CC PlayA"]
[Site "Tornelo INT"]
[Date "2021.03.29"]
[Round "3.3"]
[Board "2"]
[White "Postny, Evgeny"]
[Black "Braun, Arik"]
[Result "1/2-1/2"]
[WhiteTitle "GM"]
[BlackTitle "GM"]
[WhiteElo "2605"]
[BlackElo "2609"]
[WhiteTeam "Beer Sheva Chess Club"]
[BlackTeam "SV 1930 Hockenheim"]
[WhiteFideId "2804344"]
[BlackFideId "4663527"]
[EventDate "2021.03.29"]
[EventType "team"]

1. d4 Nf6 2. c4 e6 3. Nf3 d5 4. g3 Bb4+ 5. Bd2 Bd6 6. Bg2 O-O 7. Qc2 c6 8. O-O
Ne4 9. Nc3 f5 10. e3 Nd7 11. Ne2 g5 12. Ne1 Qf6 13. Bc1 g4 14. Nd3 h5 15. Nef4
h4 16. b3 Rf7 17. Bb2 Rh7 18. Rfd1 Qh6 19. Kf1 Ndf6 20. Ne5 Bd7 21. Ke2 Nh5 22.
Rg1 Be8 23. Bxe4 dxe4 24. Nxh5 Bxh5 25. Rad1 Re8 26. Qc3 Qf8 27. a3 Rd8 28. Rd2
hxg3 29. hxg3 Be8 30. Rgd1 Rh2 31. b4 Qh6 32. Rg1 Rh1 33. Qc1 Rxg1 34. Qxg1 a5
35. bxa5 Bxe5 36. dxe5 Rxd2+ 37. Kxd2 Qg7 38. Bd4 Qc7 39. Qb1 Qxa5+ 40. Bc3 Qd8+
41. Ke1 b6 42. c5 b5 43. Qd1 Qxd1+ 44. Kxd1 Kf7 1/2-1/2

[Event "European Online CC PlayA"]
[Site "Tornelo INT"]
[Date "2021.03.29"]
[Round "4.1"]
[Board "1"]
[White "Grandelius, Nils"]
[Black "Mikhalevski, Victor"]
[Result "1/2-1/2"]
[WhiteTitle "GM"]
[BlackTitle "GM"]
[WhiteElo "2670"]
[BlackElo "2552"]
[WhiteTeam "Hamburger Schachklub 1830"]
[BlackTeam "Beer Sheva Chess Club"]
[WhiteFideId "1710400"]
[BlackFideId "2801914"]
[EventDate "2021.03.29"]
[EventType "team"]

1. e4 e5 2. Nf3 Nc6 3. Bb5 a6 4. Ba4 Nf6 5. O-O Nxe4 6. d4 b5 7. Bb3 d5 8. dxe5
Be6 9. c3 Bc5 10. Nbd2 O-O 11. Bc2 Nxf2 12. Rxf2 f6 13. Nf1 Bxf2+ 14. Kxf2 fxe5
15. Kg1 Bg4 16. Ne3 Bxf3 17. gxf3 Ne7 18. Qd3 g6 19. Ng4 Nf5 20. Nxe5 Qd6 21. f4
Qc5+ 22. Kh1 d4 23. Bb3+ Kg7 24. cxd4 Qxd4 25. Bd2 Qxd3 26. Nxd3 Rfd8 27. Bc3+
Nd4 28. Re1 Kf6 29. Re4 Kf5 30. Rxd4 Rxd4 31. Bxd4 Ke4 32. Be5 Kxd3 33. Bxc7 Rc8
34. Be5 Ke4 35. Kg2 g5 36. Kg3 Rc6 37. Bb8 gxf4+ 38. Kf2 Rc8 39. Bd6 a5 40. Bd1
Rc1 41. Bf3+ Kf5 42. Be2 Ke4 43. Bf3+ Kf5 44. Be2 Ke4 45. Bxb5 Rc2+ 46. Kg1 Rxb2
47. a4 Kf3 48. Bf1 Rb1 49. Bc7 Ra1 50. Bxa5 Rxa4 51. Bb6 Ra1 52. Bd4 Rd1 53. Bf2
h5 54. h3 Ra1 55. Bd4 Ra2 56. Bc5 Kg3 57. Bd6 Ra1 58. Be5 Re1 59. Bc7 Re6 60.
Ba5 Rg6 61. Be1+ Kf3+ 62. Kh2 Ke3 63. Bb4 Rc6 64. Kg1 f3 65. Be1 Rg6+ 66. Kh2 f2
67. Bb4 Rg1 68. Bc5+ Kf3 69. Bb5 f1=Q 70. Bc6+ Kf4 71. Bxg1 Qe2+ 72. Bg2 Qd2 73.
Kh1 Kg3 74. Bh2+ Kh4 75. Bg1 Qe1 76. Kh2 Qe5+ 77. Kh1 Kg5 78. Bh2 Qe1+ 79. Bg1
Kf4 80. Kh2 Qe2 81. Kh1 Kg3 82. Bh2+ Kf2 83. Bg1+ Ke1 84. Bh2 Qe3 85. Bg1 Qc1
86. Kh2 Ke2 87. Kh1 Qa1 88. Kh2 Qe5+ 1/2-1/2

[Event "European Online CC PlayA"]
[Site "Tornelo INT"]
[Date "2021.03.29"]
[Round "4.1"]
[Board "2"]
[White "Roiz, Michael"]
[Black "Engel, Luis"]
[Result "1-0"]
[WhiteTitle "GM"]
[BlackTitle "GM"]
[WhiteElo "2579"]
[BlackElo "2553"]
[WhiteTeam "Beer Sheva Chess Club"]
[BlackTeam "Hamburger Schachklub 1830"]
[WhiteFideId "2804158"]
[BlackFideId "12961523"]
[EventDate "2021.03.29"]
[EventType "team"]

1. Nf3 d5 2. g3 g6 3. Bg2 Bg7 4. d4 Nd7 5. O-O Ngf6 6. a4 a5 7. b3 O-O 8. c4 b6
9. Nc3 Bb7 10. Ba3 Re8 11. Rc1 e5 12. Nxe5 Nxe5 13. dxe5 Rxe5 14. Bb2 Rh5 15.
Nxd5 Nxd5 16. Bxg7 Kxg7 17. cxd5 Bxd5 18. Qd4+ Qf6 19. Qxf6+ Kxf6 20. e4 1-0

[Event "European Online CC PlayA"]
[Site "Tornelo INT"]
[Date "2021.03.29"]
[Round "4.1"]
[Board "3"]
[White "Heinemann, Thies"]
[Black "Postny, Evgeny"]
[Result "0-1"]
[WhiteTitle "GM"]
[BlackTitle "GM"]
[WhiteElo "2502"]
[BlackElo "2605"]
[WhiteTeam "Hamburger Schachklub 1830"]
[BlackTeam "Beer Sheva Chess Club"]
[WhiteFideId "4601556"]
[BlackFideId "2804344"]
[EventDate "2021.03.29"]
[EventType "team"]

1. e4 e5 2. Nf3 Nc6 3. Bb5 a6 4. Bxc6 dxc6 5. O-O f6 6. d4 exd4 7. Nxd4 c5 8.
Ne2 Qxd1 9. Rxd1 Bd7 10. Nbc3 O-O-O 11. Be3 b6 12. Rd2 Ne7 13. Rad1 Ng6 14. Nf4
Bd6 15. Ncd5 Kb7 16. Nxg6 hxg6 17. Bf4 Bc6 18. f3 Rhe8 19. Kf2 a5 20. Bxd6 Rxd6
21. Nf4 Rxd2+ 22. Rxd2 g5 23. Nh5 Rg8 24. a3 b5 25. Ng3 g6 26. Nf1 f5 27. exf5
gxf5 28. Ne3 Rf8 29. c3 Kb6 30. Nd5+ Bxd5 31. Rxd5 Kc6 32. Rd2 b4 33. axb4 cxb4
34. cxb4 axb4 35. f4 g4 36. Kg3 Kb5 37. Kh4 c5 38. Kg5 c4 39. Rc2 b3 40. Rd2 Kb4
41. h4 gxh3 42. gxh3 Rg8+ 43. Kxf5 Rg1 44. h4 Rc1 45. h5 Rc2 46. Rd1 Rxb2 47.
Rh1 Ra2 48. h6 c3 49. h7 Ra8 50. h8=Q Rxh8 51. Rxh8 c2 52. Rb8+ Ka3 53. Ra8+ Kb2
54. Rc8 c1=Q 55. Rxc1 Kxc1 56. Ke6 b2 57. f5 b1=Q 58. f6 Qb4 59. Kf7 Qd6 60. Kg7
Qe5 61. Kg6 Kd2 62. f7 Qh8 0-1

[Event "European Online CC PlayA"]
[Site "Tornelo INT"]
[Date "2021.03.29"]
[Round "4.1"]
[Board "4"]
[White "Huzman, Alexander"]
[Black "Kramer, Julian"]
[Result "1/2-1/2"]
[WhiteTitle "GM"]
[BlackTitle "FM"]
[WhiteElo "2561"]
[BlackElo "2419"]
[WhiteTeam "Beer Sheva Chess Club"]
[BlackTeam "Hamburger Schachklub 1830"]
[WhiteFideId "2803828"]
[BlackFideId "12921742"]
[EventDate "2021.03.29"]
[EventType "team"]

1. Nf3 Nf6 2. c4 c5 3. g3 d5 4. cxd5 Nxd5 5. Bg2 Nc6 6. d4 cxd4 7. Nxd4 Ndb4 8.
Nxc6 Qxd1+ 9. Kxd1 Nxc6 10. Nc3 Bd7 11. Be3 g6 12. Kc2 Bg7 13. Rhd1 Bf5+ 14. Be4
Bxe4+ 15. Nxe4 f5 16. Ng5 Rc8 17. Rac1 Bf6 18. Kb1 h6 19. Nf3 Kf7 20. Rd7 b6 21.
h4 Ke6 22. Rd2 h5 23. Rdc2 Kd7 24. Bg5 Na5 25. Rxc8 Rxc8 26. Rxc8 Kxc8 27. Bxf6
exf6 28. Ne1 Kd7 29. Kc2 Nc6 30. Kc3 Kd6 31. Ng2 g5 32. f4 g4 33. Ne3 Ke6 34.
Kc4 a6 35. b4 Ne7 36. Kd4 Nc6+ 37. Kc3 Ne7 38. Kd4 Nc6+ 39. Kc3 Ne7 40. Kd4 1/2-1/2

[Event "European Online CC PlayA"]
[Site "Tornelo INT"]
[Date "2021.03.29"]
[Round "4.2"]
[Board "1"]
[White "Artemiev, Vladislav"]
[Black "Banusz, Tamas"]
[Result "1-0"]
[WhiteTitle "GM"]
[BlackTitle "GM"]
[WhiteElo "2709"]
[BlackElo "2631"]
[WhiteTeam "Ladya Kazan"]
[BlackTeam "SV 1930 Hockenheim"]
[WhiteFideId "24101605"]
[BlackFideId "722413"]
[EventDate "2021.03.29"]
[EventType "team"]

1. c4 Nf6 2. Nc3 e5 3. Nf3 Nc6 4. d3 Bb4 5. Bd2 O-O 6. g3 Re8 7. Bg2 Nd4 8. Nxd4
exd4 9. Nb5 Bxd2+ 10. Qxd2 c5 11. Nd6 Re6 12. Nxb7 Bxb7 13. Bxb7 Rb8 14. Bf3 a5
15. b3 Ra6 16. O-O a4 17. bxa4 Rxa4 18. Rfb1 h6 19. h4 Rb6 20. Qc2 Ra3 21. Rb5
Rxb5 22. cxb5 Qb6 23. Qb2 Ra4 24. a3 d5 25. Qb3 Qa5 26. b6 c4 27. Qb1 Nd7 28. b7
Nb8 29. dxc4 dxc4 30. Qe4 Qd8 31. Rc1 Kf8 32. Qf5 c3 33. Bd5 Qe7 34. Qc8+ Qe8
35. Bc4 Ra5 36. a4 1-0

[Event "European Online CC PlayA"]
[Site "Tornelo INT"]
[Date "2021.03.29"]
[Round "4.2"]
[Board "2"]
[White "Braun, Arik"]
[Black "Kamsky, Gata"]
[Result "1/2-1/2"]
[WhiteTitle "GM"]
[BlackTitle "GM"]
[WhiteElo "2609"]
[BlackElo "2665"]
[WhiteTeam "SV 1930 Hockenheim"]
[BlackTeam "Ladya Kazan"]
[WhiteFideId "4663527"]
[BlackFideId "2000024"]
[EventDate "2021.03.29"]
[EventType "team"]

1. d4 Nf6 2. c4 e6 3. Nc3 Bb4 4. Qc2 c5 5. dxc5 Nc6 6. Nf3 Bxc5 7. Bf4 O-O 8. e3
b6 9. Be2 Bb7 10. O-O h6 11. Rfd1 Nh5 12. Bd6 Bxd6 13. Rxd6 Qe7 14. Rad1 Rfd8
15. a3 Nf6 16. b4 Rac8 17. Qb3 Ne8 18. R6d2 d6 19. h3 Nf6 20. Qa4 Ne8 21. Nb5 a6
22. Nc3 Nb8 23. Qb3 Qc7 24. Na4 Nf6 25. Nd4 Nbd7 26. Rc2 Qb8 27. Nc3 Qa8 28. Bf1
Ne5 29. Na4 Qa7 30. Qb2 Ned7 31. Nb3 Qb8 32. Nd4 Be4 33. Rcc1 Bb7 34. Rc2 Be4
35. Rcc1 Bb7 36. Rc2 1/2-1/2

[Event "European Online CC PlayA"]
[Site "Tornelo INT"]
[Date "2021.03.29"]
[Round "4.3"]
[Board "1"]
[White "Maghsoodloo, Parham"]
[Black "Bartel, Mateusz"]
[Result "1-0"]
[WhiteTitle "GM"]
[BlackTitle "GM"]
[WhiteElo "2676"]
[BlackElo "2635"]
[WhiteTeam "Clichy Echecs 92"]
[BlackTeam "Klub Szachowy Polonia Wroclaw"]
[WhiteFideId "12539929"]
[BlackFideId "1112635"]
[EventDate "2021.03.29"]
[EventType "team"]

1. e4 e5 2. Nf3 Nc6 3. Bb5 a6 4. Ba4 Nf6 5. O-O b5 6. Bb3 Bb7 7. Re1 Bc5 8. c3
d6 9. d4 Bb6 10. Be3 O-O 11. Nbd2 exd4 12. cxd4 Nb4 13. Qb1 c5 14. a3 Nc6 15.
dxc5 dxc5 16. e5 Ng4 17. Bg5 Qc7 18. Qf5 Nxf2 19. Be3 g6 20. Qg5 c4 21. Bxf2
Bxf2+ 22. Kxf2 f6 23. exf6 cxb3 24. Ne4 Rad8 25. Rac1 Rd7 26. Kg1 Qd8 27. Nc5
Rd5 28. f7+ Rxf7 29. Qe3 Bc8 30. Qxb3 Na5 31. Qc3 Nc4 32. b4 Bg4 33. Ne5 Nxe5
34. Rxe5 Rxe5 35. Qxe5 Qd2 36. Qe1 Qd4+ 37. Kh1 Kg7 38. h3 Bf5 39. Rd1 Qf6 40.
Qg3 Re7 41. Kh2 h5 42. Rd6 h4 43. Qf4 Qe5 44. Qxe5+ Rxe5 45. Rxa6 Re2 46. Rb6
Ra2 47. Rxb5 Rxa3 48. Rb7+ Kf6 49. b5 Rc3 50. Rc7 Rc2 51. Nd7+ Ke7 52. Rxc2 Bxc2
53. Ne5 Kf6 54. b6 Be4 55. Nd7+ 1-0

[Event "European Online CC PlayA"]
[Site "Tornelo INT"]
[Date "2021.03.29"]
[Round "4.3"]
[Board "2"]
[White "Gumularz, Szymon"]
[Black "Amin, Bassem"]
[Result "1/2-1/2"]
[WhiteTitle "IM"]
[BlackTitle "GM"]
[WhiteElo "2517"]
[BlackElo "2695"]
[WhiteTeam "Klub Szachowy Polonia Wroclaw"]
[BlackTeam "Clichy Echecs 92"]
[WhiteFideId "1188062"]
[BlackFideId "10601457"]
[EventDate "2021.03.29"]
[EventType "team"]

1. d4 Nf6 2. c4 e6 3. Nc3 Bb4 4. e3 b6 5. Bd3 Bb7 6. Nf3 Ne4 7. O-O Bxc3 8. bxc3
f5 9. Ne1 c5 10. f3 Nd6 11. e4 O-O 12. e5 Nf7 13. Nc2 Nc6 14. f4 Ne7 15. Ne3 d5
16. dxc5 bxc5 17. Rb1 Bc6 18. Qe2 Rb8 19. Rxb8 Qxb8 20. Ba3 Qb6 21. cxd5 Nxd5
22. Nc4 Qc7 23. Bxc5 Rd8 24. Bd6 Qc8 25. Qb2 Bb7 26. Qa3 Ba6 27. Nb6 axb6 28.
Bxa6 Qc6 29. c4 Nc7 30. Bxc7 Qxc7 31. c5 Ra8 32. Rc1 b5 33. c6 b4 34. Qd3 g5 35.
Bb5 Rxa2 36. Qc4 b3 37. Qxb3 Qa7+ 38. Kh1 Qc5 39. Qd1 Qxb5 40. c7 Ra8 41. c8=Q+
Rxc8 42. Rxc8+ Kg7 43. fxg5 Qxe5 44. Qc1 Qd4 45. Qc3 Qxc3 46. Rxc3 Nxg5 47. Kg1
Kf6 48. Rc7 h6 49. Kf2 e5 50. Rc6+ Ne6 51. Ke3 h5 52. g3 e4 53. Ra6 Ke5 54. Ra5+
Kf6 55. Rd5 Kg6 56. Ra5 Kf6 57. Rb5 Kg6 58. Rb8 Kf6 59. Rg8 Kf7 60. Rh8 Kg6 61.
h4 Nc7 62. Kd4 Nb5+ 63. Ke3 Nc3 64. Rd8 Kf6 65. Rd6+ Ke5 66. Rh6 Nd5+ 67. Ke2
Nf6 68. Rh8 f4 69. gxf4+ Kxf4 70. Rf8 Ke5 71. Rf7 Nd5 72. Kf2 Nf4 73. Kg3 Ne2+
74. Kf2 Nf4 75. Rh7 Kf5 76. Kg3 Ne2+ 77. Kf2 Nf4 78. Kg3 Ne2+ 79. Kf2 Nf4 1/2-1/2

[Event "European Online CC PlayA"]
[Site "Tornelo INT"]
[Date "2021.03.29"]
[Round "4.3"]
[Board "3"]
[White "Van Wely, Loek"]
[Black "Mastrovasilis, Dimitrios"]
[Result "0-1"]
[WhiteTitle "GM"]
[BlackTitle "GM"]
[WhiteElo "2620"]
[BlackElo "2609"]
[WhiteTeam "Clichy Echecs 92"]
[BlackTeam "Klub Szachowy Polonia Wroclaw"]
[WhiteFideId "1000268"]
[BlackFideId "4202694"]
[EventDate "2021.03.29"]
[EventType "team"]

1. c4 e6 2. Nc3 d5 3. d4 Nf6 4. cxd5 Nxd5 5. e4 Nxc3 6. bxc3 c5 7. Rb1 Be7 8.
Nf3 O-O 9. Bc4 Nc6 10. O-O b6 11. Be3 Qc7 12. Qe2 Bb7 13. d5 Na5 14. dxe6 Bxe4
15. exf7+ Kh8 16. Bg5 Bxb1 17. Bxe7 Nxc4 18. Bxf8 Rxf8 19. Rxb1 Qxf7 20. Rd1 h6
21. h4 Re8 22. Qd3 Ne5 23. Nxe5 Rxe5 24. Qg3 Qe7 25. Rd8+ Qxd8 26. Qxe5 Qxh4 27.
Qb8+ Kh7 28. Qxa7 Qf6 29. Qa3 Qe6 30. Qb2 Kg6 31. a4 Kf7 32. Qb1 Ke7 33. g3 Kd7
34. a5 bxa5 35. Qb5+ Qc6 36. Qxa5 Ke6 37. c4 Qd6 38. Qe1+ Qe5 39. Qd1 Kf5 40.
Qf3+ Kg6 41. Qd3+ Qf5 42. Qd6+ Kh7 43. Kg2 Qe4+ 44. f3 Qxc4 45. g4 Qd4 46. Qe6
c4 47. Qf5+ Kg8 48. Qc8+ Kf7 49. Qc7+ Kf6 50. Qc6+ Ke5 51. Qc7+ Ke6 52. Qc6+ Ke7
53. Qc7+ Kf6 54. Qc6+ Kg5 55. Kg3 Qe5+ 56. Kh3 c3 57. Qc4 Qe3 58. Qd5+ Kf6 59.
Qc6+ Ke5 60. Qc7+ Kd4 61. Qxg7+ Kd3 62. Qd7+ Ke2 63. Qb5+ Kf2 64. Kh4 Qg5+ 65.
Kh3 Qxb5 0-1

[Event "European Online CC PlayA"]
[Site "Tornelo INT"]
[Date "2021.03.29"]
[Round "5.1"]
[Board "1"]
[White "Bartel, Mateusz"]
[Black "Svane, Rasmus"]
[Result "1/2-1/2"]
[WhiteTitle "GM"]
[BlackTitle "GM"]
[WhiteElo "2635"]
[BlackElo "2613"]
[WhiteTeam "Klub Szachowy Polonia Wroclaw"]
[BlackTeam "Hamburger Schachklub 1830"]
[WhiteFideId "1112635"]
[BlackFideId "4657101"]
[EventDate "2021.03.29"]
[EventType "team"]

1. e4 c6 2. Nf3 d5 3. Nc3 dxe4 4. Nxe4 Nf6 5. Ng3 g6 6. Bc4 Bg7 7. O-O c5 8. d4
cxd4 9. Qxd4 Qxd4 10. Nxd4 Bd7 11. Nb5 Bxb5 12. Bxb5+ Nc6 13. Re1 e6 14. c3 O-O
15. Ne4 Nxe4 16. Rxe4 Rfd8 17. Be3 Ne7 18. Be2 Nd5 19. Bg5 Bf6 20. Bh6 Bg7 21.
Bxg7 Kxg7 22. Rd1 Nf6 23. Red4 Rxd4 24. Rxd4 b6 25. f4 Kf8 26. Kf2 Rc8 27. Bf3
Ke7 28. Ke3 Ne8 29. Kd2 Nd6 30. Kc2 h6 31. Ra4 Rc7 32. g3 g5 33. Kd3 f6 34. fxg5
hxg5 35. h4 gxh4 36. Rxh4 Nf5 37. Rh7+ Kd6 38. Rxc7 Kxc7 39. Bg4 Nxg3 40. Bxe6
Kd6 41. Bc8 Ke5 42. Kc4 Ne4 43. Bh3 Nd6+ 44. Kd3 f5 45. b4 f4 46. Bg2 Nf5 47. c4
Nh4 48. Bb7 f3 49. Ke3 f2 50. Kxf2 Kd4 51. Ba6 Nf5 52. Ke2 Nd6 53. c5 bxc5 54.
bxc5 Kxc5 55. Kd2 Kd4 56. Kc2 Kc5 57. Kb3 1/2-1/2

[Event "European Online CC PlayA"]
[Site "Tornelo INT"]
[Date "2021.03.29"]
[Round "5.1"]
[Board "3"]
[White "Mastrovasilis, Dimitrios"]
[Black "Heinemann, Thies"]
[Result "1/2-1/2"]
[WhiteTitle "GM"]
[BlackTitle "GM"]
[WhiteElo "2609"]
[BlackElo "2502"]
[WhiteTeam "Klub Szachowy Polonia Wroclaw"]
[BlackTeam "Hamburger Schachklub 1830"]
[WhiteFideId "4202694"]
[BlackFideId "4601556"]
[EventDate "2021.03.29"]
[EventType "team"]

1. e4 c5 2. Nf3 d6 3. Bb5+ Nd7 4. d4 cxd4 5. Qxd4 a6 6. Bxd7+ Bxd7 7. O-O e5 8.
Qd3 h6 9. Nc3 Nf6 10. Nd2 Be6 11. Nc4 Rc8 12. Ne3 Rc5 13. b3 Be7 14. Ba3 Rc6 15.
Ncd5 Bxd5 16. exd5 Rc8 17. c4 O-O 18. f4 exf4 19. Rxf4 Ne8 20. Nf5 Bg5 21. Re4
g6 22. Nd4 Nf6 23. Re2 Qb6 24. Rae1 Rce8 25. Bb2 Rxe2 26. Rxe2 Re8 27. Kf1 Rxe2
28. Qxe2 Qd8 29. Nf3 Nd7 30. Nxg5 Qxg5 31. Qe8+ Nf8 32. Qe4 Qd2 33. Qd4 Qxd4 34.
Bxd4 Nd7 35. b4 Kf8 36. c5 dxc5 37. bxc5 Ke8 38. c6 bxc6 39. dxc6 Nf8 40. Bg7
Ne6 41. Bxh6 Nd4 42. Kf2 Nxc6 43. Ke3 Kd7 44. Ke4 Ke6 45. Bd2 f5+ 46. Kf4 Ne5
47. Kg5 Kf7 48. h4 Nc4 49. Bf4 Nb6 50. h5 gxh5 51. Kxf5 Nd5 52. Bd2 h4 53. Kg4
Kg6 54. Kxh4 Nf6 55. Bc3 Ne4 56. Bd4 Nd6 57. Kg4 Nf5 58. Bc5 Ng7 59. a4 Ne6 60.
Be3 Nc7 61. Kf4 Nd5+ 62. Ke4 Nc3+ 63. Kd3 Nd5 64. Kd4 Nb6 65. a5 Nd7 66. Kd5 Kf5
67. Kc6 Ne5+ 68. Kb7 Nc4 69. Kxa6 Nxe3 70. Kb7 Nc4 71. a6 Nd6+ 72. Kc6 Nc8 73.
Kc7 Na7 74. Kb6 Nc8+ 75. Kb7 Nd6+ 76. Kb8 Nb5 77. a7 Nxa7 78. Kxa7 Kg4 79. g3
Kxg3 1/2-1/2

[Event "European Online CC PlayA"]
[Site "Tornelo INT"]
[Date "2021.03.29"]
[Round "5.1"]
[Board "4"]
[White "Kramer, Julian"]
[Black "Wieczorek, Oskar"]
[Result "1-0"]
[WhiteTitle "FM"]
[BlackTitle "GM"]
[WhiteElo "2419"]
[BlackElo "2498"]
[WhiteTeam "Hamburger Schachklub 1830"]
[BlackTeam "Klub Szachowy Polonia Wroclaw"]
[WhiteFideId "12921742"]
[BlackFideId "1133950"]
[EventDate "2021.03.29"]
[EventType "team"]

1. e4 c5 2. Nf3 d6 3. d4 cxd4 4. Nxd4 Nf6 5. Nc3 Nc6 6. f3 e5 7. Nb3 Be7 8. Be3
Be6 9. Nd5 Bxd5 10. exd5 Nb4 11. c4 a5 12. Qd2 b6 13. Nc1 Na6 14. Bd3 O-O 15.
Ne2 Nd7 16. Rc1 f5 17. O-O g6 18. Kh1 Nf6 19. Bb1 Nc5 20. b3 h5 21. Ng1 h4 22.
Nh3 Nh5 23. Bc2 Bf6 24. Rb1 Rf7 25. a3 Rc7 26. Bf2 Kg7 27. g4 hxg3 28. hxg3 Qe7
29. Rfe1 Rh8 30. Kg2 Qf8 31. g4 fxg4 32. fxg4 Nf4+ 33. Nxf4 exf4 34. Qxf4 Rf7
35. Bxc5 bxc5 36. Re6 Rh6 37. Rf1 g5 38. Qxd6 Qh8 39. Rfxf6 Rhxf6 40. Rxf6 Rxf6
41. Qe7+ Kh6 42. d6 Qg7 43. Qe8 Rf7 44. d7 Qf6 45. Qxf7 Qxf7 46. d8=Q 1-0

[Event "European Online CC PlayA"]
[Site "Tornelo INT"]
[Date "2021.03.29"]
[Round "5.2"]
[Board "1"]
[White "Banusz, Tamas"]
[Black "Van Foreest, Jorden"]
[Result "1-0"]
[WhiteTitle "GM"]
[BlackTitle "GM"]
[WhiteElo "2631"]
[BlackElo "2701"]
[WhiteTeam "SV 1930 Hockenheim"]
[BlackTeam "Clichy Echecs 92"]
[WhiteFideId "722413"]
[BlackFideId "1039784"]
[EventDate "2021.03.29"]
[EventType "team"]

1. d4 d5 2. Nf3 Nf6 3. Bf4 c5 4. e3 e6 5. Nbd2 Bd6 6. dxc5 Bxc5 7. Bd3 Nc6 8.
O-O O-O 9. c4 Bd6 10. Rc1 h6 11. Bxd6 Qxd6 12. Qe2 Bd7 13. Rfd1 Qe7 14. cxd5
exd5 15. Bb5 Rfc8 16. h3 a6 17. Bd3 Ne5 18. Nxe5 Qxe5 19. Nf3 Qe7 20. Nd4 Qb4
21. a3 Qb6 22. Qd2 a5 23. Rxc8+ Rxc8 24. Rc1 Rc7 25. f3 Ne8 26. Rc3 Kf8 27. Qc2
Rxc3 28. Qxc3 Nc7 29. Kf2 Ne6 30. Nf5 f6 31. b4 axb4 32. axb4 Nd8 33. Nd4 Nf7
34. Qc5+ Qxc5 35. bxc5 Ne5 36. Ke2 Ba4 37. Bf5 Ke7 38. f4 Nc6 39. Bc8 Nxd4+ 40.
exd4 Bc6 41. Kf3 Kd8 42. Be6 Ke7 43. f5 Kd8 44. Kf4 Ke7 45. h4 Kd8 46. g4 Ke7
47. g5 hxg5+ 48. hxg5 Kf8 49. Kg3 Ke7 50. Kg4 Kf8 51. Kh4 Ke7 52. Kh5 Be8+ 53.
Kg4 Bc6 54. gxf6+ Kxf6 55. Bc8 g5 56. Be6 Ba4 57. Bxd5 Bc2 58. Kg3 Bxf5 59. Bxb7
Ke6 60. Bf3 Kf6 61. Bg4 Be4 62. Bf3 Bf5 63. c6 Ke7 64. Bg4 Bd3 65. c7 Ba6 66.
c8=Q Bxc8 67. Bxc8 Kd6 68. Bb7 1-0

[Event "European Online CC PlayA"]
[Site "Tornelo INT"]
[Date "2021.03.29"]
[Round "5.2"]
[Board "2"]
[White "Maghsoodloo, Parham"]
[Black "Braun, Arik"]
[Result "1-0"]
[WhiteTitle "GM"]
[BlackTitle "GM"]
[WhiteElo "2676"]
[BlackElo "2609"]
[WhiteTeam "Clichy Echecs 92"]
[BlackTeam "SV 1930 Hockenheim"]
[WhiteFideId "12539929"]
[BlackFideId "4663527"]
[EventDate "2021.03.29"]
[EventType "team"]

1. e4 c6 2. d4 d5 3. f3 e6 4. Nc3 Bb4 5. Qd3 Ne7 6. Ne2 b6 7. a3 Bd6 8. Bg5 Ba6
9. Qd2 Nd7 10. O-O-O Qb8 11. e5 Bc7 12. g4 c5 13. Bxe7 Kxe7 14. Nxd5+ exd5 15.
Ng3 Bxf1 16. Qg5+ Kf8 17. Nf5 Bxe5 18. Qe7+ Kg8 19. dxe5 Bg2 20. e6 Qf4+ 21. Rd2
Ne5 22. Re1 h5 23. Rxe5 Rf8 24. exf7+ Rxf7 25. Qe8+ Rf8 26. Ne7+ Kh7 27. Qg6# 1-0